<?xml version="1.0" encoding="UTF-8"?>
<collection xmlns="http://www.loc.gov/MARC21/slim">
 <record>
  <leader>02878aam a22003138a 4500</leader>
  <controlfield tag="001">NCT_8961</controlfield>
  <controlfield tag="008">150112s2014                  ||||||viesd</controlfield>
  <datafield tag="999" ind1=" " ind2=" ">
   <subfield code="c">447</subfield>
   <subfield code="d">447</subfield>
  </datafield>
  <datafield tag="020" ind1=" " ind2=" ">
   <subfield code="a">9786046603559</subfield>
   <subfield code="c">62000đ</subfield>
  </datafield>
  <datafield tag="082" ind1="0" ind2="4">
   <subfield code="2">22nd ed.</subfield>
   <subfield code="a">615.7</subfield>
   <subfield code="b">D302</subfield>
  </datafield>
  <datafield tag="100" ind1="1" ind2=" ">
   <subfield code="a">Nguyễn Thanh Bình</subfield>
  </datafield>
  <datafield tag="245" ind1="1" ind2="0">
   <subfield code="a">Dịch tễ dược học</subfield>
   <subfield code="b">Sách đào tạo dược sĩ đại học</subfield>
   <subfield code="c">Nguyễn Thanh Bình ch.b.</subfield>
  </datafield>
  <datafield tag="250" ind1=" " ind2=" ">
   <subfield code="a">Tái bản lần thứ 1 có sửa chữa và bổ sung</subfield>
  </datafield>
  <datafield tag="260" ind1=" " ind2=" ">
   <subfield code="a">H.</subfield>
   <subfield code="b">Y học</subfield>
   <subfield code="c">2014</subfield>
  </datafield>
  <datafield tag="300" ind1=" " ind2=" ">
   <subfield code="a">226tr.</subfield>
   <subfield code="b">hình vẽ, bảng</subfield>
   <subfield code="c">27cm</subfield>
  </datafield>
  <datafield tag="500" ind1=" " ind2=" ">
   <subfield code="a">ĐTTS ghi: Bộ Y tế</subfield>
  </datafield>
  <datafield tag="520" ind1=" " ind2=" ">
   <subfield code="a">Giới thiệu khái niệm, phương pháp nghiên cứu, các thiết kế nghiên cứu dịch tễ dược học. Mẫu trong nghiên cứu dịch tễ dược học. Các phương pháp thu thập dữ liệu nghiên cứu. Thiết kế bộ câu hỏi nghiên cứu. Các phương pháp xử lý và phân tích số liệu nghiên cứu. Các chỉ số nghiên cứu. Phương pháp đánh giá nhanh cung ứng và sử dụng thuốc trong cộng đồng. Đạo đức trong nghiên cứu y sinh học</subfield>
  </datafield>
  <datafield tag="942" ind1=" " ind2=" ">
   <subfield code="2">ddc</subfield>
   <subfield code="c">BK</subfield>
  </datafield>
  <datafield tag="952" ind1=" " ind2=" ">
   <subfield code="0">0</subfield>
   <subfield code="1">0</subfield>
   <subfield code="2">ddc</subfield>
   <subfield code="4">0</subfield>
   <subfield code="6">615_700000000000000_D302</subfield>
   <subfield code="7">0</subfield>
   <subfield code="9">2274</subfield>
   <subfield code="a">000001</subfield>
   <subfield code="b">000001</subfield>
   <subfield code="d">2017-10-26</subfield>
   <subfield code="o">615.7 D302</subfield>
   <subfield code="p">MD.04702</subfield>
   <subfield code="r">2017-10-26</subfield>
   <subfield code="v">62000.00</subfield>
   <subfield code="w">2017-10-26</subfield>
   <subfield code="y">BK</subfield>
  </datafield>
  <datafield tag="952" ind1=" " ind2=" ">
   <subfield code="0">0</subfield>
   <subfield code="1">0</subfield>
   <subfield code="2">ddc</subfield>
   <subfield code="4">0</subfield>
   <subfield code="6">615_700000000000000_D302</subfield>
   <subfield code="7">0</subfield>
   <subfield code="9">2275</subfield>
   <subfield code="a">000001</subfield>
   <subfield code="b">000001</subfield>
   <subfield code="d">2017-10-26</subfield>
   <subfield code="o">615.7 D302</subfield>
   <subfield code="p">MD.04703</subfield>
   <subfield code="r">2017-10-26</subfield>
   <subfield code="v">62000.00</subfield>
   <subfield code="w">2017-10-26</subfield>
   <subfield code="y">BK</subfield>
  </datafield>
  <datafield tag="952" ind1=" " ind2=" ">
   <subfield code="0">0</subfield>
   <subfield code="1">0</subfield>
   <subfield code="2">ddc</subfield>
   <subfield code="4">0</subfield>
   <subfield code="6">615_700000000000000_D302</subfield>
   <subfield code="7">0</subfield>
   <subfield code="9">2276</subfield>
   <subfield code="a">000001</subfield>
   <subfield code="b">000001</subfield>
   <subfield code="d">2017-10-26</subfield>
   <subfield code="l">1</subfield>
   <subfield code="o">615.7 D302</subfield>
   <subfield code="p">MD.04882</subfield>
   <subfield code="r">2020-10-23</subfield>
   <subfield code="s">2020-10-16</subfield>
   <subfield code="v">62000.00</subfield>
   <subfield code="w">2017-10-26</subfield>
   <subfield code="y">BK</subfield>
  </datafield>
  <datafield tag="952" ind1=" " ind2=" ">
   <subfield code="0">0</subfield>
   <subfield code="1">0</subfield>
   <subfield code="2">ddc</subfield>
   <subfield code="4">0</subfield>
   <subfield code="6">615_700000000000000_D302</subfield>
   <subfield code="7">0</subfield>
   <subfield code="9">2277</subfield>
   <subfield code="a">000001</subfield>
   <subfield code="b">000001</subfield>
   <subfield code="d">2017-10-26</subfield>
   <subfield code="l">2</subfield>
   <subfield code="o">615.7 D302</subfield>
   <subfield code="p">MD.04883</subfield>
   <subfield code="r">2019-10-22</subfield>
   <subfield code="s">2019-10-14</subfield>
   <subfield code="v">62000.00</subfield>
   <subfield code="w">2017-10-26</subfield>
   <subfield code="y">BK</subfield>
  </datafield>
  <datafield tag="952" ind1=" " ind2=" ">
   <subfield code="0">0</subfield>
   <subfield code="1">0</subfield>
   <subfield code="2">ddc</subfield>
   <subfield code="4">0</subfield>
   <subfield code="6">615_700000000000000_D302</subfield>
   <subfield code="7">0</subfield>
   <subfield code="9">2278</subfield>
   <subfield code="a">000001</subfield>
   <subfield code="b">000001</subfield>
   <subfield code="d">2017-10-26</subfield>
   <subfield code="o">615.7 D302</subfield>
   <subfield code="p">MD.04884</subfield>
   <subfield code="r">2017-10-26</subfield>
   <subfield code="v">62000.00</subfield>
   <subfield code="w">2017-10-26</subfield>
   <subfield code="y">BK</subfield>
  </datafield>
  <datafield tag="952" ind1=" " ind2=" ">
   <subfield code="0">0</subfield>
   <subfield code="1">0</subfield>
   <subfield code="2">ddc</subfield>
   <subfield code="4">0</subfield>
   <subfield code="6">615_700000000000000_D302</subfield>
   <subfield code="7">0</subfield>
   <subfield code="9">2279</subfield>
   <subfield code="a">000001</subfield>
   <subfield code="b">000001</subfield>
   <subfield code="d">2017-10-26</subfield>
   <subfield code="o">615.7 D302</subfield>
   <subfield code="p">MD.04885</subfield>
   <subfield code="r">2017-10-26</subfield>
   <subfield code="v">62000.00</subfield>
   <subfield code="w">2017-10-26</subfield>
   <subfield code="y">BK</subfield>
  </datafield>
  <datafield tag="952" ind1=" " ind2=" ">
   <subfield code="0">0</subfield>
   <subfield code="1">0</subfield>
   <subfield code="2">ddc</subfield>
   <subfield code="4">0</subfield>
   <subfield code="6">615_700000000000000_D302</subfield>
   <subfield code="7">0</subfield>
   <subfield code="9">2280</subfield>
   <subfield code="a">000001</subfield>
   <subfield code="b">000001</subfield>
   <subfield code="d">2017-10-26</subfield>
   <subfield code="o">615.7 D302</subfield>
   <subfield code="p">MD.04886</subfield>
   <subfield code="r">2017-10-26</subfield>
   <subfield code="v">62000.00</subfield>
   <subfield code="w">2017-10-26</subfield>
   <subfield code="y">BK</subfield>
  </datafield>
  <datafield tag="952" ind1=" " ind2=" ">
   <subfield code="0">0</subfield>
   <subfield code="1">0</subfield>
   <subfield code="2">ddc</subfield>
   <subfield code="4">0</subfield>
   <subfield code="6">615_700000000000000_D302</subfield>
   <subfield code="7">0</subfield>
   <subfield code="9">2281</subfield>
   <subfield code="a">000001</subfield>
   <subfield code="b">000001</subfield>
   <subfield code="d">2017-10-26</subfield>
   <subfield code="o">615.7 D302</subfield>
   <subfield code="p">MD.04887</subfield>
   <subfield code="r">2017-10-26</subfield>
   <subfield code="v">62000.00</subfield>
   <subfield code="w">2017-10-26</subfield>
   <subfield code="y">BK</subfield>
  </datafield>
  <datafield tag="952" ind1=" " ind2=" ">
   <subfield code="0">0</subfield>
   <subfield code="1">0</subfield>
   <subfield code="2">ddc</subfield>
   <subfield code="4">0</subfield>
   <subfield code="6">615_700000000000000_D302</subfield>
   <subfield code="7">0</subfield>
   <subfield code="9">2282</subfield>
   <subfield code="a">000001</subfield>
   <subfield code="b">000001</subfield>
   <subfield code="d">2017-10-26</subfield>
   <subfield code="o">615.7 D302</subfield>
   <subfield code="p">MD.04888</subfield>
   <subfield code="r">2017-10-26</subfield>
   <subfield code="v">62000.00</subfield>
   <subfield code="w">2017-10-26</subfield>
   <subfield code="y">BK</subfield>
  </datafield>
  <datafield tag="952" ind1=" " ind2=" ">
   <subfield code="0">0</subfield>
   <subfield code="1">0</subfield>
   <subfield code="2">ddc</subfield>
   <subfield code="4">0</subfield>
   <subfield code="6">615_700000000000000_D302</subfield>
   <subfield code="7">0</subfield>
   <subfield code="9">3336</subfield>
   <subfield code="a">000001</subfield>
   <subfield code="b">000001</subfield>
   <subfield code="d">2017-11-11</subfield>
   <subfield code="l">1</subfield>
   <subfield code="o">615.7 D302</subfield>
   <subfield code="p">MD.08866</subfield>
   <subfield code="r">2019-03-05</subfield>
   <subfield code="s">2019-02-19</subfield>
   <subfield code="v">62000.00</subfield>
   <subfield code="w">2017-11-11</subfield>
   <subfield code="y">BK</subfield>
  </datafield>
  <datafield tag="980" ind1=" " ind2=" ">
   <subfield code="a">Thư viện Trường Đại học Nam Cần Thơ</subfield>
  </datafield>
 </record>
</collection>
